Zen : Sul ghiaccio sottile /

Đã lưu trong:
Chi tiết về thư mục
Những tác giả chính: Vandelli, Riccardo (Nhà soạn nhạc), Sabatini, Antonello (Nhà soạn nhạc), Dursi, Aldo (Nhà soạn nhạc), Galli, Alicia (Nhà soạn nhạc)
Tác giả khác: Galloni, Chiara (produttore cinematografico) (Nhà sản xuất), Conti, Eleonora (Diễn viên), Ferri, Margherita (Giám đốc, Người viết kịch bản), Olgiati, Ivan (Nhà sản xuất), Ferri, Marco (fotografo) (Nhiếp ảnh gia), Acchiardi, Susanna (Diễn viên), Sacchi, Fabrizia (Diễn viên)
Định dạng: Luận văn Slide
Ngôn ngữ:Tiếng Italy
Được phát hành: Campi Bisenzio : CG Entertainment, c2019
Các nhãn: Thêm thẻ
Không có thẻ, Là người đầu tiên thẻ bản ghi này!

MARC

LEADER 00000ngm a22000007i 4500
001 IT\ICCU\UBO\4416904
003 ItRI
005 20260124182858.0
008 191031s2019 it |||||||||||||||k|||||c
024 3 1 |a 8057092029558 
028 4 2 |a PSV22105  |b CG Entertainment 
040 |b ita 
041 7 |a ita  |2 ISO-639-2 
130 0 |a Zen: sul ghiaccio sottile <film ; 2018>  |3 IT\ICCU\UBO\4416908 
245 0 0 |a Zen :  |b Sul ghiaccio sottile /  |c scritto e diretto da Margherita Ferri ; fotografia Marco Ferri ; musiche originali: Alicia Galli, Riccardo Vandelli, Antonello Sabatini, Aldo Dursi ; prodotto da Chiara Galloni, Ivan Olgiati ; con Eleonora Conti, Susanna Acchiardi, Fabrizia Sacchi. 
260 |a Campi Bisenzio :  |b CG Entertainment,  |c c2019 
300 |a 1 DVD-video (091 min) :  |b a colori, PAL ;  |c 12 cm 
500 |a Caratteristiche tecniche: codice area: 2; sistema e formati video: PAL, 16/9, 1.85:1; formati audio: Dolby Digital 5.1, 2.0 
500 |a Descrizione basata sul contenitore 
500 |a Produzione cinematografica: Italia 2018 
500 |a c2019 CG Entertainment 
500 |a Lingue: italiano; sottotitoli: italiano per non udenti 
502 |a Extra: Trailer 
700 1 |a Vandelli, Riccardo  |0 IT\ICCU\DDSV\397259  |4 cmp 
700 1 |a Sabatini, Antonello  |0 IT\ICCU\DDSV\397260  |4 cmp 
700 1 |a Dursi, Aldo  |0 IT\ICCU\DDSV\397261  |4 cmp 
700 1 |a Galloni, Chiara  |c  (produttore cinematografico)  |0 IT\ICCU\DDSV\397262  |4 pro 
700 1 |a Galli, Alicia  |0 IT\ICCU\MODV\670737  |4 cmp 
700 1 |a Conti, Eleonora  |0 IT\ICCU\RAVV\105957  |4 act 
700 1 |a Ferri, Margherita  |0 IT\ICCU\TERV\003270  |4 drt 
700 1 |a Ferri, Margherita  |0 IT\ICCU\TERV\003270  |4 sce 
700 1 |a Olgiati, Ivan  |0 IT\ICCU\UBOV\155598  |4 pro 
700 1 |a Ferri, Marco  |c  (fotografo)  |0 IT\ICCU\UBOV\386243  |4 pht 
700 1 |a Acchiardi, Susanna  |0 IT\ICCU\UBOV\474647  |4 act 
700 1 |a Sacchi, Fabrizia  |0 IT\ICCU\UBOV\756218  |4 act 
710 2 |a CG Entertainment  |0 IT\ICCU\DDSV\039619  |4 pbl 
791 2 |a Cecchi Gori Entertainment  |3 IT\ICCU\DDSV\353142  |z CG Entertainment 
791 2 |a CG Home Video  |3 IT\ICCU\MODV\664430  |z CG Entertainment 
791 2 |a Cecchi Gori Home Video  |3 IT\ICCU\MODV\664431  |z CG Entertainment 
791 2 |a Cecchi Gori Home Group  |3 IT\ICCU\MODV\664432  |z CG Entertainment 
791 2 |a Cecchi Gori Editoria Elettronica Home video  |3 IT\ICCU\MODV\664433  |z CG Entertainment 
942 |2 ddc  |c VM  |n 0 
952 |0 0  |1 0  |4 0  |6 VO_2362_000000000000000  |7 0  |9 27447  |a BO  |b BO  |d 2026-01-24  |i 19159  |l 0  |o VO 2362  |p BO19159  |r 2026-01-24 18:28:58  |w 2026-01-24  |x [Sebina 5] [1 dvd]  |y VM  |z 1 dvd 
999 |c 23246  |d 23246